| Поле | Название | Значение |
| |
Тип записи |
a |
| |
Библиографический уровень |
m |
| 001 |
Контрольный номер |
RU/IS/BASE/150561396 |
| 005 |
Дата корректировки |
20250918102509.3 |
| 010 |
Индекс ISBN |
__ |
| a |
ISBN |
5-94278-136-2 |
| d |
Цена |
82-83; 76-20 |
| 200 |
Заглавие и сведения об ответственности |
1_ |
| a |
Заглавие |
Краткая история планеты Земля |
| e |
Сведения, относящиеся к заглавию |
Горы, животные, огонь и лед |
| f |
Первые сведения об ответственности |
Макдугалл Дж. Д. |
| g |
Последующие сведения об ответственности |
Пер. с англ. В. П. Псарева |
| 210 |
Выходные данные |
1_ |
| a |
Место издания |
СПб. |
| c |
Издательство |
Амфора |
| d |
Дата издания |
2001 |
| 215 |
Физическое описание |
__ |
| a |
Объем |
382, [2] с. |
| 318 |
Примечание о действии |
__ |
| a |
Действие |
п |
| 330 |
Аннотация |
__ |
| a |
Аннотация |
Сознание человека не в состоянии охватить глобальные катастрофы, пережитые нашей планетой за миллиарды лет ее существования. Рождались и гибли океаны, вырастали и рушились горные цепи. |
| 606 |
Тематические рубрики |
__ |
| a |
Основная рубрика |
геология |
| 606 |
Тематические рубрики |
__ |
| a |
Основная рубрика |
биология |
| 610 |
Ключевые слова |
0_ |
| a |
Ключевые слова |
глобальные катастрофы |
| a |
Ключевые слова |
история Земли |
| a |
Ключевые слова |
научно-популярная литература |
| 686 |
Индексы других классификаций |
__ |
| a |
Индекс ББК |
26.33 |
| 686 |
Индексы других классификаций |
__ |
| a |
Индекс ББК |
28.01 |
| 700 |
Автор |
_1 |
| a |
Фамилия |
Макдугалл |
| b |
Имя |
Дж. Д. |
| 801 |
Источник записи |
_0 |
| a |
Страна |
RU |
| b |
Организация |
ЦРБ, Сургут |
| g |
Правила каталогизации |
ОКиО/Зайцева |
| 801 |
Источник записи |
_1 |
| a |
Страна |
RU |
| b |
Организация |
ЦРБ, Сургут |
| g |
Правила каталогизации |
ОКиО/Зайцева |
| 852 |
Данные о местонахождении |
__ |
| j |
Шифр хранения |
26.33 |
| i |
Авторский знак |
М 155 |
| p |
Инвентарный номер |
86776 |
| b |
Сигла хранения |
ООЧ; 8; 14; 22; 26 |
| 901 |
Тип документа |
__ |
| t |
Тип документа |
m |
| 990 |
Данные о заказе (DOS) |
__ |
| h |
N записи в КСУ для Б/У (DOS) |
2004-12; 2007-4 |
| j |
Количество экземпляров (DOS) |
6 |